| 000 | 01148nam a2200217Ia 4500 | ||
|---|---|---|---|
| 001 | 11673 | ||
| 003 | GE_BSU | ||
| 008 | 181216s||||||||xx |||||||||||||| ||und|| | ||
| 040 | _cGE_BSU | ||
| 080 | _a619:616.1(075.8) | ||
| 245 | _aსასოფლო–სამეურნეო ცხოველთა შინაგანო არაგადამდები დაავადებები. | ||
| 245 | _bსახელმძღვ.ვეტერინარული ინ–ტის სტუდენტ. | ||
| 245 | _cრედ:მ.ძიმისტარიშვილი:გარეკანის მხატვ:ა.მინდორაშვილი;თარგმ. | ||
| 250 | _aმეორე რუსული შესწ. და შევსებ.გამოც. | ||
| 260 | _aთბილისი. | ||
| 260 | _bგანათლება. | ||
| 260 | _c1966. | ||
| 300 | _a716გვ;25სმ. | ||
| 653 | _aსასოფლო–სამეურნეო ცხოველთა შინაგანო არაგადამდები დაავადებები. | ||
| 942 | _cBK | ||
| 999 |
_c44859 _d44859 |
||